1919 1082 1873 1829 1313 1163 1671 1941 1773 1758 1839 1092 1913 1932 1124 1190 1711 1531 1492 1238 1946 1766 1044 1547 1301 1518 1521 1294 1223 1604 1244 1392 1068 1539 1283 1364 1179 1846 1838 1040 1698 1279 1169 1652 1799 1741 1050 1998 1056 1679 1314 1569 1174 1717 1807 1150 1315 1723 1002 1878 1631 1844 1752 1801 1378 1147 1522 1186 1131 1707 1660 1443 1286 1460 1541 1089 1957 1854 1775 1516 1133 1845 1380 1352 1935 1449 1917 1571 1057 1491 1369 1771 1513 1033 1279 1440 1213 1068 1316 BCNSPRNW ULIB Ver.6.0+V

เปลี่ยนเป็นภาษาไทย

Change to English
 แสดงรายละเอียดบรรณานุกรม
  กลับหน้าหลัก

Brief Record : Get Marc (ISO 2709) : E-mail record : QR code < ปิดหน้าต่าง
LEADER : 00000nam 2200000uu 4500
001    13399123018
003     ULIB
008    131128s2555||||th 000 0 tha d
020    ^a97861621425604
090    ^aนว^bพ187พ ล.17
100 0  ^aพนมเทียน
245 10 ^aเพชรพระอุมา: ป่าโลกล้านปี เล่ม 1 /^cพนมเทียน
250    ^aพิมพ์รวมเล่มครั้งที่ 6
260    ^aกรุงเทพฯ :^bณ บ้านวรรณกรรม,^c2555
300    ^a 437 หน้า
505 00 ^a^gล.1-4^tไพรมหากาฬ --^gล.5-8^tดงมรณะ -- ^gล.9-12^tจอมผีดิบมันตรัย -- ^gล.13-16^tอาถรรพณ์นิทรานคร -- ^gล.17-20^tป่าโลกล้านปี -- ^gล.21-24^tแงซายจอมจักรา -- ^gล.25-28^tจอมพราน -- ^gล.29-32^tไอ้งาดำ -- ^gล.33-36^tจิตรางคนางค์-- ^gล.37-40^tนาคเทวี -- ^gล.41-44^tแด่ปางบรรพ์ -- ^gล.45-48^tมงกุฎไพร
650  4 ^aนวนิยายไทย
945    ^p225^l0^i034221
999    ^aเกษร โพธิ์สุวรรณ
รายการนี้ยังไม่มีแท็ก
คุณยังไม่ได้ล็อกอิน คุณสามารถมีกิจกรรมร่วมกับเว็บไซต์ได้ แต่ต้องล็อกอินก่อน ::
  ล็อกอิน

รายการสื่อสารสนเทศ

ลำดับที่ ประเภท เลขเรียก/บาร์โค้ด สถานที่ สถานะ
1. นวนิยาย
นวนิยาย
นว พ187พ ล.17  
  Barcode: 034221
ห้องสมุดวิทยาเขตสวรรค์ประชารักษ์
►นวนิยาย
บนชั้น
  ขอยืม

รายการใกล้เคียง
    ผู้แต่ง [พนมเทียน]

    หัวเรื่อง [นวนิยายไทย]

BibComment


ยังไม่เคยถูกคอมเมนท์

คอมเมนท์ทรัพยากรรายการนี้
  คอมเมนท์: เพชรพระอุมา ป่าโ..


 Copyright 2026. Bcnsprnw @Library